De mujer a mujer : guía básica para el embarazo y el parto /

Detalles Bibliográficos
Autor principal: Espinoza Peña, Andrea Paulina (Autor)
Formato: Electrónico eBook
Lenguaje:español
Publicado: Cuenca, Ecuador : Universidad del Azuay, Casa Editora, [2025]
Colección:Homo (Universidad del Azuay, Casa Editora). Medicina.
Materias:
Acceso en línea:Digitalia Hispánica

MARC

LEADER 00000nam a2200000 i 4500
001 DIGUAZUAY0290
003 NyNyDIG
007 cr |||||||||||
008 260119s2025 ec ao ob 000 0 spa d
006 m o d
035 |a (OCoLC)1536988875 
040 |a DGITA  |b eng  |e rda  |e pn  |c DGITA 
020 |a 9789942670632  |q eBook 
020 |z 9789942670625 
050 1 4 |a RG525 ebook 
100 1 |a Espinoza Peña, Andrea Paulina,  |e author. 
245 1 0 |a De mujer a mujer :  |b guía básica para el embarazo y el parto /  |c Andrea Espinoza [and 3 others].  
264 1 |a Cuenca, Ecuador :  |b Universidad del Azuay, Casa Editora,  |c [2025] 
300 |a 1 online resource :  |b color illustrations, color photographs. 
336 |a text  |b txt  |2 rdacontent 
337 |a computer  |b c  |2 rdamedia 
338 |a online resource  |b cr  |2 rdacarrier 
347 |a text file  |2 rdaft 
347 |b PDF 
490 1 |a Homo. Medicina 
504 |a Includes bibliographical references. 
588 0 |a Online resource; title from PDF title page (Digitalia, viewed January 19, 2026) 
650 0 |a Childbirth  |v Popular works. 
650 0 |a Pregnancy  |v Popular works. 
791 2 |a Digitalia (Firm),  |e distributor. 
793 0 |g Digitalia eBook Collection:  |a Universidad del Azuay 
776 0 8 |i Print version:  |a Espinoza Peña, Andrea Paulina.  |t De mujer a mujer.  |d Cuenca, Ecuador : Universidad del Azuay, Casa Editora, [2025]  |z 9789942670625 
830 0 |a Homo (Universidad del Azuay, Casa Editora).  |p Medicina. 
856 4 0 |3 Digitalia Hispánica  |u https://www.digitaliapublishing.com/a/180854/ 
910 |a Premium collection: 2026